000 00661 am a2200205 a 4500
005 20240229093201.0
008 100326s1991||||sp ||||g |||| 000 0 spa d
020 _a8477645612
041 _aspa
092 _c403
_l16
_sDIC
110 1 _aOcéano Grupo Editorial.
_9348
245 _aSmart Diccionario.
_bEspañol - Inglés English - Espanish /
_cOcéano Grupo Editorial.
250 _a1a ed.
260 _aBarcelona:
_bOcéano;
_c1991.
300 _a1010 p.
500 _aOcéano Grupo Editorial. (1991). Smart Diccionario. Español - Inglés English - Espanish. (1a ed.). Barcelona : Océano.
653 _aDiccionario
930 _a1937
942 _2ddc
_cBK
999 _c183
_d183